[Event "Belt and Road Hunan Op A"]
[Site "Changsha CHN"]
[Date "2019.08.02"]
[Round "5.14"]
[White "Le, Quang Liem"]
[Black "Peng, Xiongjian"]
[Result "1-0"]
[WhiteTitle "GM"]
[WhiteElo "2713"]
[BlackElo "2467"]
[WhiteFideId "12401137"]
[BlackFideId "8610550"]
[EventDate "2019.07.29"]

1. c4 Nf6 2. Nc3 d6 3. g3 g6 4. b4 a5 5. b5 Bg7 6. Bg2 O-O 7. Bb2 Nbd7 8. Rc1 e5
9. Nf3 Re8 10. O-O e4 11. Nd4 Nc5 12. d3 exd3 13. exd3 Bg4 14. Qc2 Qd7 15. Ne4
Bh3 16. f3 Bxg2 17. Kxg2 Qe7 18. Rce1 Qf8 19. Bc3 Nfd7 20. Nb3 Bxc3 21. Nbxc5
dxc5 22. Nxc3 Nf6 23. Qf2 Qd6 24. Ne4 Nxe4 25. dxe4 Rad8 26. Rd1 Qxd1 27. Rxd1
Rxd1 28. Qxc5 Rd7 29. Kh3 Re6 30. Qa7 b6 31. c5 Rde7 32. Qa8+ Kg7 33. Qd5 f6 34.
Qd4 c6 35. Qd8 Re8 36. Qd7+ R6e7 37. Qxc6 bxc5 38. a4 Re5 39. Qc7+ Kh6 40. b6
R8e7 41. Qc8 1-0

[Event "Belt and Road Hunan Op A"]
[Site "Changsha CHN"]
[Date "2019.08.02"]
[Round "5.15"]
[White "Khademalsharieh, Sarasadat"]
[Black "Najer, Evgeniy"]
[Result "1-0"]
[WhiteTitle "IM"]
[BlackTitle "GM"]
[WhiteElo "2481"]
[BlackElo "2678"]
[WhiteFideId "12512214"]
[BlackFideId "4118987"]
[EventDate "2019.07.29"]

1. d4 Nf6 2. c4 g6 3. g3 Bg7 4. Bg2 O-O 5. Nc3 d6 6. Nf3 Nbd7 7. O-O e5 8. e4 c6
9. h3 Re8 10. Re1 exd4 11. Nxd4 Qb6 12. Nc2 Nc5 13. b4 Ncd7 14. Be3 Qd8 15. Nd4
Ne5 16. Qb3 a5 17. a3 Nd3 18. Red1 axb4 19. axb4 Rxa1 20. Rxa1 c5 21. bxc5 Nxc5
22. Qc2 Bd7 23. Rd1 Qe7 24. Ndb5 Bxb5 25. cxb5 Qe6 26. b6 Rc8 27. Nd5 Nxd5 28.
Rxd5 h5 29. h4 Rc6 30. e5 Nd7 31. Qd1 Bxe5 32. Rd3 Rxb6 33. Bxb6 Nxb6 34. Bxb7
Qe7 35. Bg2 Nd7 36. Rb3 Nf6 37. Bf3 Qe6 38. Kg2 Kg7 39. Rb7 Qf5 40. Qb3 Ng4 41.
Qd5 Nh6 42. Be4 Qf6 43. Rb3 Ng4 44. f3 Nh6 45. Qd2 Qe6 46. Rd3 Qc4 47. Bd5 Qc5
48. Be4 Qc4 49. Ra3 Qc7 50. Rb3 d5 51. Qxd5 Bxg3 52. Rb7 Qf4 53. Qg5 1-0

[Event "Belt and Road Hunan Op A"]
[Site "Changsha CHN"]
[Date "2019.08.02"]
[Round "5.16"]
[White "Oleksiyenko, Mykhaylo"]
[Black "Taher, Yoseph Theolifus"]
[Result "1/2-1/2"]
[WhiteTitle "GM"]
[BlackTitle "IM"]
[WhiteElo "2600"]
[BlackElo "2460"]
[WhiteFideId "4152417"]
[BlackFideId "7105347"]
[EventDate "2019.07.29"]

1. e4 e5 2. Nf3 Nf6 3. Nxe5 d6 4. Nf3 Nxe4 5. Nc3 Nxc3 6. dxc3 Be7 7. Be3 Nc6 8.
Qd2 Be6 9. O-O-O Qd7 10. b3 a6 11. Ng5 Bxg5 12. Bxg5 f6 13. Be3 O-O-O 14. h4 h5
15. Be2 Bg4 16. f3 Be6 17. Rhe1 Rhe8 18. c4 Bf7 19. Bf1 Re7 20. Bf2 Rxe1 21.
Rxe1 Re8 22. Rxe8+ Qxe8 23. Qe3 Qxe3+ 24. Bxe3 Ne5 25. c5 d5 26. Kd2 Kd7 27. Kc3
Bg6 28. Be2 Bf5 29. Bd1 Ke6 30. Bf4 Kd7 31. a4 Ng6 32. Bg3 Be6 33. Be2 Ne7 34.
Bf2 Ng6 35. b4 Nf4 36. Bf1 c6 37. Bg3 Ng6 38. b5 axb5 39. axb5 Bf5 40. Kd2 Ne5
41. Bxe5 fxe5 42. c3 Ke7 43. Ke3 Bd7 44. b6 Kf6 45. f4 g6 46. Bd3 Bf5 47. Be2
Bd7 48. Ba6 Bc8 49. Bd3 Bf5 50. Ba6 Bc8 51. Bd3 e4 1/2-1/2

[Event "Belt and Road Hunan Op A"]
[Site "Changsha CHN"]
[Date "2019.08.02"]
[Round "5.17"]
[White "Ju, Wenjun"]
[Black "Zhu, Jiner"]
[Result "1/2-1/2"]
[WhiteTitle "GM"]
[BlackTitle "WIM"]
[WhiteElo "2595"]
[BlackElo "2454"]
[WhiteFideId "8603006"]
[BlackFideId "8608059"]
[EventDate "2019.07.29"]

1. d4 Nf6 2. c4 e6 3. g3 d5 4. Bg2 Bb4+ 5. Bd2 Be7 6. Nf3 O-O 7. O-O c6 8. Qc2
Nbd7 9. Rd1 b6 10. Bf4 Ba6 11. cxd5 cxd5 12. Ne5 Nxe5 13. dxe5 Nh5 14. Be3 f5
15. Nc3 f4 16. Bd4 g6 17. e4 fxe3 18. fxe3 Ng7 19. e4 dxe4 20. Nxe4 Nf5 21. Bf2
Qc8 22. Qxc8 Raxc8 23. Rd7 Rf7 24. Rxa7 Bd3 25. Rd1 Be2 26. Re1 Rc2 27. Nc3 Bc4
28. Be4 Rxb2 29. Rb1 Rxb1+ 30. Bxb1 Nh6 31. h3 Bb4 32. Ra4 Bxc3 33. Rxc4 Bxe5
34. Re4 Bc7 35. Rxe6 Rd7 36. Bc2 Nf5 37. Bb3 Kf8 38. g4 Nd4 39. Rf6+ Ke8 40. Bc4
b5 41. Bf1 Ke7 42. Ra6 Be5 43. Ra5 Rd5 44. a4 Bc7 45. Ra7 Kd8 46. Bg2 Rd6 47.
Ra8+ Kd7 48. a5 Ne2+ 49. Kf1 Nf4 50. Be3 Nxg2 51. Kxg2 Kc6 52. a6 Bb6 53. Bf4
Rf6 54. Rc8+ Kd7 55. Rb8 Rxf4 56. Rxb6 Ra4 57. Rxb5 Rxa6 58. Rb7+ Ke6 59. Rxh7
Kf6 60. Rb7 Kg5 61. Rb5+ Kh4 62. g5 Ra3 63. Rb4+ Kxg5 1/2-1/2

[Event "Belt and Road Hunan Op A"]
[Site "Changsha CHN"]
[Date "2019.08.02"]
[Round "5.18"]
[White "Zhao, Yuanhe"]
[Black "Wen, Yang"]
[Result "1/2-1/2"]
[BlackTitle "GM"]
[WhiteElo "2448"]
[BlackElo "2586"]
[WhiteFideId "8609497"]
[BlackFideId "8602956"]
[EventDate "2019.07.29"]

1. Nf3 c5 2. g3 Nc6 3. Bg2 g6 4. c3 e5 5. d4 cxd4 6. cxd4 e4 7. Ne5 d5 8. Nxc6
bxc6 9. Nc3 Bg7 10. O-O Ne7 11. Bg5 h6 12. Bxe7 Qxe7 13. e3 h5 14. Qa4 Bd7 15.
b4 O-O 16. Qa5 Rfb8 17. b5 Be6 18. bxc6 Qb4 19. Qxb4 Rxb4 20. Rfc1 Rc8 21. Rab1
Rc4 1/2-1/2

[Event "Belt and Road Hunan Op A"]
[Site "Changsha CHN"]
[Date "2019.08.02"]
[Round "5.19"]
[White "Xu, Xiangyu"]
[Black "Batsiashvili, Nino"]
[Result "1-0"]
[WhiteTitle "GM"]
[BlackTitle "GM"]
[WhiteElo "2585"]
[BlackElo "2433"]
[WhiteFideId "8608288"]
[BlackFideId "13602993"]
[EventDate "2019.07.29"]

1. e4 e5 2. Nf3 Nc6 3. d4 exd4 4. Nxd4 Nf6 5. Nxc6 bxc6 6. e5 Qe7 7. Qe2 Nd5 8.
c4 Nb6 9. Nc3 Qe6 10. Qe4 Bb4 11. Bd2 Ba6 12. c5 Nc4 13. f4 Nxd2 14. Kxd2 Bxf1
15. Qxb4 Bxg2 16. Rhg1 Qh3 17. Qd4 O-O 18. Rae1 f6 19. Re2 Bf1 20. exf6 Bxe2 21.
Rxg7+ Kh8 22. Rg3 1-0

[Event "Belt and Road Hunan Op A"]
[Site "Changsha CHN"]
[Date "2019.08.02"]
[Round "5.20"]
[White "Xiang, Zeyu"]
[Black "Lagno, Kateryna"]
[Result "1/2-1/2"]
[WhiteTitle "IM"]
[BlackTitle "GM"]
[WhiteElo "2447"]
[BlackElo "2549"]
[WhiteFideId "8608547"]
[BlackFideId "14109336"]
[EventDate "2019.07.29"]

1. d4 Nf6 2. c4 g6 3. f3 c5 4. dxc5 e6 5. Be3 b6 6. cxb6 axb6 7. Bf2 Bc5 8. Bxc5
bxc5 9. Qd6 Qe7 10. Qxe7+ Kxe7 11. e4 d5 12. Nd2 dxe4 13. fxe4 Bb7 14. Bd3 Rd8
15. Ke2 Ng4 16. Ngf3 Rxd3 17. Kxd3 Nf2+ 18. Ke3 Nxh1 19. a3 Nd7 20. Rxh1 f5 21.
Re1 Rb8 22. exf5 gxf5 23. b3 Kf6 24. g3 Bxf3 25. Kxf3 Ne5+ 26. Ke2 Nc6 27. Kd3
Ra8 28. Nb1 e5 29. Kc3 Rd8 30. Nd2 e4 31. Re3 Ne5 32. b4 cxb4+ 33. axb4 Rxd2 34.
Kxd2 Nxc4+ 35. Ke2 Nxe3 36. Kxe3 Ke5 37. b5 h5 38. h3 Kd5 39. b6 Kc6 40. g4 fxg4
41. hxg4 hxg4 42. Kxe4 Kxb6 43. Kf4 1/2-1/2

[Event "Belt and Road Hunan Op A"]
[Site "Changsha CHN"]
[Date "2019.08.02"]
[Round "5.21"]
[White "Xu, Minghui"]
[Black "Zhao, Zong-Yuan"]
[Result "0-1"]
[BlackTitle "GM"]
[WhiteElo "2401"]
[BlackElo "2529"]
[WhiteFideId "8606790"]
[BlackFideId "3202534"]
[EventDate "2019.07.29"]

1. Nf3 d5 2. g3 Nf6 3. Bg2 c6 4. O-O Bg4 5. d3 Nbd7 6. h3 Bh5 7. c4 e6 8. Qb3
Nc5 9. Qc2 Bd6 10. b4 Ncd7 11. c5 Bc7 12. Bb2 O-O 13. a4 e5 14. e4 Re8 15. Nbd2
a6 16. Rfe1 h6 17. Rac1 Bg6 18. Qb3 Bh7 19. Re2 Qb8 20. Nh4 g5 21. Nhf3 d4 22.
Ba3 Bg6 23. Nc4 Re6 24. Rb2 Qa7 25. Qc2 Bd8 26. Ncxe5 Nxe5 27. Nxd4 Re8 28. f4
Ned7 29. e5 Nd5 30. Bxd5 cxd5 31. Qb3 Nxe5 32. fxe5 Rxe5 33. Re2 Qb8 34. Bb2 Bf6
35. c6 Rxe2 36. Nxe2 Bxb2 37. Qxb2 bxc6 38. Rxc6 Qe8 39. Nd4 Qe3+ 40. Qf2 Qxd3
41. Rc5 Qb1+ 42. Kh2 Qxb4 43. Nc6 Qe4 44. Rxd5 Rc8 45. Qf6 Qe2+ 46. Kg1 Re8 47.
Re5 Qd1+ 48. Kh2 Qc2+ 49. Kg1 Qc1+ 50. Kh2 Qb2+ 51. Kg1 Rxe5 52. Nxe5 Qd4+ 53.
Kh2 a5 54. Ng4 Qxf6 55. Nxf6+ Kg7 56. Nd7 Bc2 57. Ne5 Bxa4 58. Nc4 Bb3 0-1

[Event "Belt and Road Hunan Op A"]
[Site "Changsha CHN"]
[Date "2019.08.02"]
[Round "5.22"]
[White "Chen, Qi b"]
[Black "Liu, Yan"]
[Result "1/2-1/2"]
[WhiteTitle "IM"]
[BlackTitle "GM"]
[WhiteElo "2414"]
[BlackElo "2516"]
[WhiteFideId "8614733"]
[BlackFideId "8608962"]
[EventDate "2019.07.29"]

1. e4 e5 2. Nf3 Nc6 3. Bb5 Nf6 4. O-O Nxe4 5. Re1 Nd6 6. Nxe5 Be7 7. Bf1 Nxe5 8.
Rxe5 O-O 9. d4 Bf6 10. Re1 Re8 11. c3 Rxe1 12. Qxe1 Ne8 13. Bf4 d5 14. Bd3 g6
15. Nd2 Ng7 16. Nf3 Bf5 17. Bxf5 Nxf5 18. Qe2 c6 19. Re1 Ng7 20. Be5 Ne6 21.
Bxf6 Qxf6 22. Ne5 Re8 23. Ng4 Qd8 24. Qe5 Ng7 25. Qxe8+ Nxe8 26. Rxe8+ Qxe8 27.
Nf6+ Kf8 28. Nxe8 Kxe8 29. f4 f5 30. Kf2 1/2-1/2

[Event "Belt and Road Hunan Op A"]
[Site "Changsha CHN"]
[Date "2019.08.02"]
[Round "5.23"]
[White "Tan, Zhongyi"]
[Black "Gusain, Himal"]
[Result "1-0"]
[WhiteTitle "GM"]
[BlackTitle "IM"]
[WhiteElo "2511"]
[BlackElo "2407"]
[WhiteFideId "8603642"]
[BlackFideId "5033861"]
[EventDate "2019.07.29"]

1. d4 Nf6 2. c4 b6 3. f3 Nc6 4. e4 e5 5. d5 Bb4+ 6. Bd2 Bxd2+ 7. Qxd2 Nd4 8. Ne2
Nxe2 9. Bxe2 O-O 10. Nc3 d6 11. O-O-O a6 12. Kb1 Bd7 13. a3 Qe7 14. g4 Rfb8 15.
Rc1 Ne8 16. h4 g6 17. g5 Ng7 18. f4 b5 19. cxb5 Bxb5 20. Bxb5 axb5 21. Na2 exf4
22. Qxf4 Nh5 23. Qf3 Rf8 24. Nb4 Rae8 25. Rhe1 f6 26. Nc6 Qd7 27. Qb3 fxg5 28.
hxg5 Nf4 29. Qxb5 Rb8 30. Qc4 Rb7 31. Rc2 Nh3 32. e5 Nxg5 33. e6 Qe8 34. Rf1
Rxf1+ 35. Qxf1 Rb3 36. Qf6 h6 37. Rf2 Re3 38. Rh2 Nxe6 39. Ne7+ 1-0

[Event "Belt and Road Hunan Op A"]
[Site "Changsha CHN"]
[Date "2019.08.02"]
[Round "5.24"]
[White "Dai, Changren"]
[Black "Chu, Wei Chao"]
[Result "1/2-1/2"]
[WhiteTitle "IM"]
[BlackTitle "IM"]
[WhiteElo "2510"]
[BlackElo "2406"]
[WhiteFideId "8608156"]
[BlackFideId "8605661"]
[EventDate "2019.07.29"]

1. e4 c5 2. d4 cxd4 3. Nf3 d6 4. Nxd4 Nf6 5. Nc3 a6 6. h3 e5 7. Nde2 h5 8. g3
Nbd7 9. a4 Be7 10. Bg2 b6 11. Nd5 Nxd5 12. Qxd5 Rb8 13. Nc3 Bb7 14. Qd1 h4 15.
g4 Nc5 16. O-O Ne6 17. Be3 O-O 18. Qd2 Qc7 19. Rfd1 Rfd8 20. Rac1 Rbc8 21. g5 g6
22. Bf3 Re8 23. Bg4 Qd8 24. Bxe6 fxe6 25. Qe2 Rxc3 26. bxc3 Bxe4 27. Qc4 d5 28.
Qxe4 dxe4 29. Rxd8 Rxd8 30. Rb1 Bc5 31. Bxc5 bxc5 32. Re1 Rd2 33. Rxe4 Rxc2 34.
Rc4 Kf7 35. Rxc5 Ke7 36. Rc4 e4 37. Rxe4 Rxc3 38. Rxh4 e5 39. Kg2 Ke6 40. Rb4
Kf5 41. h4 a5 42. Rb6 e4 43. Rf6+ Kg4 44. Rxg6 Kxh4 45. Re6 Kxg5 46. Rxe4 Kf6
47. f3 Rc1 48. Kg3 Kf5 49. Rh4 Rg1+ 50. Kf2 Ra1 51. Rc4 Ke5 52. Kg3 Rg1+ 53. Kh4
Kf5 54. Re4 Rh1+ 55. Kg3 Rg1+ 56. Kf2 Ra1 57. Rh4 Ke5 58. Rc4 Kf5 59. Ke3 Ra3+
60. Kf2 Ra1 61. f4 Ra3 62. Ke2 Kg4 63. Rd4 Rb3 64. Kd2 Rf3 65. Rd5 Kxf4 1/2-1/2

[Event "Belt and Road Hunan Op A"]
[Site "Changsha CHN"]
[Date "2019.08.02"]
[Round "5.25"]
[White "Bilguun, Sumiya"]
[Black "Lin, Yi"]
[Result "1-0"]
[WhiteTitle "IM"]
[BlackTitle "IM"]
[WhiteElo "2482"]
[BlackElo "2406"]
[WhiteFideId "4901541"]
[BlackFideId "8609659"]
[EventDate "2019.07.29"]

1. e4 e5 2. Bc4 Nf6 3. Qe2 Nc6 4. Nf3 Be7 5. O-O O-O 6. d3 Bc5 7. c3 d6 8. a4 a5
9. Bg5 h6 10. Bh4 Be6 11. Nbd2 Ba7 12. Kh1 Qe7 13. Rfe1 Rfe8 14. Bb5 Bd7 15. Nc4
Bc5 16. Ne3 Bxe3 17. fxe3 Nb8 18. Bxf6 Qxf6 19. Rf1 Bxb5 20. axb5 Qe7 21. b4 c6
22. bxa5 cxb5 23. Qb2 Rc8 24. Ra3 Na6 25. d4 exd4 26. exd4 Qxe4 27. Qxb5 Nc7 28.
Qb3 Ne6 29. Re1 Qd3 30. Qxb7 Nf4 31. Qb1 Qxb1 32. Rxb1 Ne2 33. Rbb3 Rc6 34. g3
Nc1 35. Rb2 Rca6 36. Ra1 1-0

[Event "Belt and Road Hunan Op A"]
[Site "Changsha CHN"]
[Date "2019.08.02"]
[Round "5.26"]
[White "Zou, Chen"]
[Black "Yeoh, Li Tian"]
[Result "1-0"]
[WhiteTitle "FM"]
[BlackTitle "IM"]
[WhiteElo "2440"]
[BlackElo "2528"]
[WhiteFideId "8610959"]
[BlackFideId "5702895"]
[EventDate "2019.07.29"]

1. e4 e5 2. Nf3 Nc6 3. Bb5 g6 4. c3 Bg7 5. d4 exd4 6. cxd4 a6 7. Ba4 b5 8. Bb3
Nge7 9. d5 Na5 10. Bc2 O-O 11. O-O d6 12. Nc3 c5 13. dxc6 Nexc6 14. Nd5 Bg4 15.
h3 Bxf3 16. Qxf3 Nd4 17. Qd1 Nxc2 18. Qxc2 Nc4 19. a4 Rc8 20. axb5 axb5 21. Qb3
Qh4 22. Bf4 Rfe8 23. Qxb5 Nxb2 24. Ra7 Bd4 25. g3 Qh5 26. Qb7 g5 27. g4 Qg6 28.
Ne7+ Rxe7 29. Qxc8+ Kg7 30. Rxe7 gxf4 31. Re8 Kh6 32. Rg8 Bg7 1-0

[Event "Belt and Road Hunan Op A"]
[Site "Changsha CHN"]
[Date "2019.08.02"]
[Round "5.27"]
[White "Wang, Yiye"]
[Black "Lei, Tingjie"]
[Result "1/2-1/2"]
[WhiteTitle "IM"]
[BlackTitle "GM"]
[WhiteElo "2440"]
[BlackElo "2505"]
[WhiteFideId "8606021"]
[BlackFideId "8605114"]
[EventDate "2019.07.29"]

1. c4 Nf6 2. Nf3 e6 3. g3 d5 4. Bg2 Be7 5. O-O O-O 6. d4 dxc4 7. Qc2 a6 8. a4
Bd7 9. Qxc4 Bc6 10. Bg5 a5 11. Nc3 Na6 12. Rfd1 Nb4 13. Ne5 Bd5 14. Nxd5 exd5
15. Qb3 c6 16. Nd3 Re8 17. e3 Nxd3 18. Rxd3 Bb4 19. Qd1 h6 20. Bxf6 Qxf6 21. Qf3
Qd6 22. Bh3 g6 23. Bg2 Kg7 24. h4 h5 25. Bh3 Re4 26. Qe2 Rae8 27. Bg2 R4e7 28.
Bh3 Qf6 29. Bg2 Bd6 30. Rad1 Qe6 31. Rc1 Rh8 32. Qf3 g5 33. hxg5 Qg6 34. Qf6+
Qxf6 35. gxf6+ Kxf6 36. Kf1 h4 37. gxh4 Rxh4 38. Ke2 Rh2 39. Kf3 Ke6 40. Rdd1 f5
41. Rh1 Rxh1 42. Rxh1 Rf7 43. Rh6+ Kd7 44. Bh3 Kc7 45. Rh5 f4 46. Bf5 fxe3 47.
Rh7 Rxh7 48. Bxh7 exf2 49. Kxf2 Bf8 50. b3 Bg7 51. Ke3 b6 52. Bg8 Kd6 53. Kd3 1/2-1/2

[Event "Belt and Road Hunan Op A"]
[Site "Changsha CHN"]
[Date "2019.08.02"]
[Round "5.28"]
[White "Xu, Zhihang"]
[Black "Li, Yankai"]
[Result "1-0"]
[WhiteTitle "IM"]
[WhiteElo "2501"]
[BlackElo "2439"]
[WhiteFideId "8611572"]
[BlackFideId "8609357"]
[EventDate "2019.07.29"]

1. c4 c5 2. Nc3 Nc6 3. Nf3 e5 4. g3 g6 5. Bg2 Bg7 6. a3 a5 7. d3 Nge7 8. Bg5 h6
9. Bxe7 Nxe7 10. O-O O-O 11. Nd2 d6 12. Rb1 Nc6 13. Nd5 Be6 14. e3 Rb8 15. Qa4
Bd7 16. Ne4 Be8 17. Qb3 b6 18. Nec3 Ne7 19. Qd1 Nxd5 20. Bxd5 Kh8 21. b4 axb4
22. axb4 f5 23. b5 g5 24. Ra1 g4 25. Ra7 h5 26. Kg2 Bg6 27. Rh1 Qg5 28. h3 f4
29. hxg4 fxe3 30. f3 Bh6 31. Ne4 Qd8 32. g5 Bxe4 33. Rxh5 1-0

[Event "Belt and Road Hunan Op A"]
[Site "Changsha CHN"]
[Date "2019.08.02"]
[Round "5.29"]
[White "Fang, Yan"]
[Black "Lou, Yiping"]
[Result "1/2-1/2"]
[WhiteTitle "IM"]
[BlackTitle "IM"]
[WhiteElo "2424"]
[BlackElo "2489"]
[WhiteFideId "8604746"]
[BlackFideId "8603928"]
[EventDate "2019.07.29"]

1. d4 Nf6 2. Nf3 g6 3. g3 d5 4. Bg2 Bg7 5. O-O c6 6. b3 O-O 7. Bb2 Bf5 8. c4
Nbd7 9. Nc3 Ne4 10. cxd5 Nxc3 11. Bxc3 cxd5 12. Qd2 Be4 13. Rfc1 a5 14. e3 Qb6
15. Ne1 Bxg2 16. Kxg2 Nf6 17. Nd3 Ne4 18. Qd1 Qe6 19. Nc5 Nxc5 20. dxc5 Bxc3 21.
Rxc3 Qc6 22. Kg1 e5 23. Qd2 Rfd8 24. Rd1 d4 25. Rd3 Qxc5 1/2-1/2

[Event "Belt and Road Hunan Op A"]
[Site "Changsha CHN"]
[Date "2019.08.02"]
[Round "5.31"]
[White "Setyaki, Azarya Jodi"]
[Black "Adhiban, Baskaran"]
[Result "0-1"]
[WhiteTitle "IM"]
[BlackTitle "GM"]
[WhiteElo "2409"]
[BlackElo "2665"]
[WhiteFideId "7101589"]
[BlackFideId "5018471"]
[EventDate "2019.07.29"]

1. e4 c5 2. Nf3 d6 3. d4 cxd4 4. Nxd4 Nf6 5. Nc3 a6 6. f3 e5 7. Nb3 Be6 8. Be3
Be7 9. Qd2 h5 10. Be2 Nbd7 11. Nd5 Nxd5 12. exd5 Bf5 13. O-O O-O 14. Na5 Qc8 15.
c4 Bd8 16. Rac1 Re8 17. Qb4 Nc5 18. Qa3 e4 19. f4 Nd3 20. Rc2 Bg4 21. Bxg4 hxg4
22. b4 Qd7 23. Rb1 Rc8 24. Nb3 Bf6 25. Na5 g3 26. h3 Bd8 27. Nb3 Bf6 28. Na5 Kh7
29. Qb3 Bd8 30. Qa3 f5 31. Rf1 Bxa5 32. Qxa5 b5 33. Rb1 Qb7 34. a4 Rxc4 35. Rxc4
bxc4 36. b5 Qxd5 37. Qxa6 c3 38. Qc6 Qxc6 39. bxc6 c2 40. Rb7 d5 41. c7 d4 0-1

[Event "Belt and Road Hunan Op A"]
[Site "Changsha CHN"]
[Date "2019.08.02"]
[Round "5.32"]
[White "Radovanovic, Mihajlo"]
[Black "Raja, Harshit"]
[Result "1-0"]
[WhiteTitle "IM"]
[BlackTitle "IM"]
[WhiteElo "2500"]
[BlackElo "2434"]
[WhiteFideId "940313"]
[BlackFideId "5089000"]
[EventDate "2019.07.29"]

1. Nf3 Nf6 2. c4 e6 3. Nc3 d5 4. d4 dxc4 5. e4 Bb4 6. Bxc4 Nxe4 7. O-O Nxc3 8.
bxc3 Be7 9. Ne5 O-O 10. Qg4 Nc6 11. Re1 f5 12. Qf3 Nxe5 13. Rxe5 Kh8 14. Bf4 Bd6
15. Qg3 Bxe5 16. Bxe5 Rf7 17. h4 b5 18. Bxb5 Bb7 19. h5 Kg8 20. h6 g6 21. Re1
Rb8 22. c4 Qf8 23. Qe3 f4 24. Qd2 Qxh6 25. d5 Rf5 26. f3 Bxd5 27. Bxc7 Rxb5 28.
cxb5 Bxf3 29. Rxe6 Rd5 30. Qxf4 Rd1+ 31. Kf2 Qxf4 32. Bxf4 Bd5 33. Rd6 Kf7 34.
Be3 Ke8 35. Bc5 Rd2+ 36. Ke3 Rxg2 37. Rxd5 Rxa2 38. Kd3 h5 39. Kc4 h4 40. Kb3
Ra5 41. Re5+ Kd7 42. Re7+ Kc8 43. Kb4 Ra1 44. Rxa7 Rb1+ 45. Ka5 1-0

[Event "Belt and Road Hunan Op A"]
[Site "Changsha CHN"]
[Date "2019.08.02"]
[Round "5.33"]
[White "Lin, Weiguo"]
[Black "Xu, Jun"]
[Result "1/2-1/2"]
[WhiteTitle "IM"]
[BlackTitle "GM"]
[WhiteElo "2408"]
[BlackElo "2477"]
[WhiteFideId "8600058"]
[BlackFideId "8600031"]
[EventDate "2019.07.29"]

1. d4 Nf6 2. c4 e6 3. Nc3 Bb4 4. e3 O-O 5. Bd3 d5 6. Nf3 dxc4 7. Bxc4 c5 8. O-O
cxd4 9. exd4 b6 10. Qe2 Bb7 11. Bg5 Bxc3 12. bxc3 Nbd7 13. Bd3 Qc7 14. Bd2 Nd5
15. Qe4 N5f6 16. Qe2 Nd5 17. Qe4 N5f6 18. Qe2 1/2-1/2

[Event "Belt and Road Hunan Op A"]
[Site "Changsha CHN"]
[Date "2019.08.03"]
[Round "6.3"]
[White "Yu, Yangyi"]
[Black "Zhou, Jianchao"]
[Result "1-0"]
[WhiteTitle "GM"]
[BlackTitle "GM"]
[WhiteElo "2736"]
[BlackElo "2608"]
[WhiteFideId "8603820"]
[BlackFideId "8603537"]
[EventDate "2019.07.29"]

1. e4 c5 2. Nf3 d6 3. d4 cxd4 4. Nxd4 Nf6 5. Nc3 Nc6 6. Bg5 e6 7. Qd2 a6 8. Nxc6
bxc6 9. O-O-O e5 10. f4 h6 11. Bh4 Be7 12. fxe5 dxe5 13. Qxd8+ Bxd8 14. Bc4 Be7
15. Rhf1 Be6 16. Bxe6 fxe6 17. Bg3 Ng4 18. Rf3 h5 19. h3 h4 20. hxg4 hxg3 21.
Rxg3 Bg5+ 22. Kb1 Rd8 23. Rxd8+ Bxd8 24. a3 Rh1+ 25. Ka2 Re1 26. g5 Ba5 27. b4
Bb6 28. Na4 Bg1 29. Rg4 Kf7 30. g6+ Kf6 31. Kb3 Rb1+ 32. Kc4 Rc1 33. c3 Ra1 34.
Kb3 Rf1 35. Kc4 Ra1 36. Nc5 Bxc5 37. Kxc5 Rxa3 38. Rg3 a5 39. Kxc6 axb4 40. Rf3+
Kxg6 41. cxb4 Ra2 42. Rb3 Rxg2 43. b5 Rc2+ 44. Kd7 Kf6 45. b6 Rd2+ 46. Ke8 Rh2
47. b7 Rh8+ 48. Kd7 Kg5 49. b8=Q Rxb8 50. Rxb8 Kf4 51. Kxe6 g5 52. Kd5 1-0

[Event "Belt and Road Hunan Op A"]
[Site "Changsha CHN"]
[Date "2019.08.03"]
[Round "6.5"]
[White "Anton Guijarro, David"]
[Black "Vallejo Pons, Francisco"]
[Result "1/2-1/2"]
[WhiteTitle "GM"]
[BlackTitle "GM"]
[WhiteElo "2678"]
[BlackElo "2687"]
[WhiteFideId "2285525"]
[BlackFideId "2205530"]
[EventDate "2019.07.29"]

1. d4 d5 2. c4 dxc4 3. Nf3 Nf6 4. e3 e6 5. Bxc4 c5 6. O-O a6 7. dxc5 Qxd1 8.
Rxd1 Bxc5 9. Be2 O-O 10. Nbd2 Rd8 11. b3 b6 12. Bb2 Bb7 13. Rac1 Nbd7 14. Nc4
Rac8 15. Bd4 Bd5 16. Bxc5 Rxc5 17. b4 Rcc8 18. Nce5 b5 19. Rxc8 Rxc8 20. Nxd7
Nxd7 21. e4 Bc6 22. Rc1 1/2-1/2

[Event "Belt and Road Hunan Op A"]
[Site "Changsha CHN"]
[Date "2019.08.03"]
[Round "6.8"]
[White "Zeng, Chongsheng"]
[Black "Motylev, Alexander"]
[Result "1-0"]
[WhiteTitle "GM"]
[BlackTitle "GM"]
[WhiteElo "2551"]
[BlackElo "2654"]
[WhiteFideId "8603847"]
[BlackFideId "4121830"]
[EventDate "2019.07.29"]

1. e4 e5 2. Nf3 Nc6 3. Bc4 Nf6 4. Ng5 d5 5. exd5 Na5 6. Bb5+ c6 7. dxc6 bxc6 8.
Be2 h6 9. Nh3 Bc5 10. d3 O-O 11. Nc3 Nb7 12. O-O Bxh3 13. gxh3 Qd7 14. Bg4 Nxg4
15. hxg4 f5 16. gxf5 Rxf5 17. Ne4 Raf8 18. Qe2 Rf3 19. Kh1 Qh3 20. Nxc5 Nxc5 21.
Be3 R8f5 22. Rg1 Rh5 23. Rg2 Ne6 24. Rag1 Kh8 25. Bd2 Nd4 26. Qe4 Rf7 27. Bf4
Rxf4 28. Qh7+ 1-0

[Event "Belt and Road Hunan Op A"]
[Site "Changsha CHN"]
[Date "2019.08.03"]
[Round "6.9"]
[White "Lupulescu, Constantin"]
[Black "Zhao, Zong-Yuan"]
[Result "1-0"]
[WhiteTitle "GM"]
[BlackTitle "GM"]
[WhiteElo "2649"]
[BlackElo "2529"]
[WhiteFideId "1207822"]
[BlackFideId "3202534"]
[EventDate "2019.07.29"]

1. e4 c5 2. Nf3 e6 3. d4 cxd4 4. Nxd4 Nc6 5. Nc3 Qc7 6. Be3 a6 7. a3 b5 8. Nxc6
dxc6 9. Qg4 e5 10. Qg3 h5 11. f4 h4 12. Qf2 exf4 13. Bb6 Qe5 14. O-O-O Be7 15.
Bd4 Qg5 16. e5 Bf5 17. Qf3 Rc8 18. Ne4 Qg4 19. Nd6+ Bxd6 20. exd6 Qxf3 21. gxf3
f6 22. Rg1 Rh7 23. d7+ Bxd7 24. Bd3 f5 25. Bxg7 Be6 26. Be5 Ne7 27. Bxf4 Kf7 28.
Rde1 Rhh8 29. Bd6 Rhg8 30. Rxg8 Nxg8 31. Rg1 Nf6 32. Rg5 Rd8 33. Be5 Rg8 34.
Rxg8 Nxg8 35. b3 Ne7 36. c4 Ng6 37. Bd4 Ke7 38. Kd2 Kd6 39. Kc3 bxc4 40. bxc4 c5
41. Bf6 Bd7 42. Bf1 Bc6 43. f4 Bf3 44. Bg5 Ke6 45. Kd2 Kd6 46. Ke3 Bd1 47. Bg2
Ba4 48. Bb7 a5 49. Bd8 Bc6 50. Bxc6 Kxc6 51. Bxa5 Kb7 52. h3 Kc6 53. Bd8 Kb7 54.
a4 Kc6 55. a5 Kb7 56. Kf3 Ka6 1-0